书目信息 |
| 题名: |
商业布局与商店设计
|
|
| 作者: | 万典武 , 万典武 著 | |
| 分册: | ||
| 出版信息: | 北京 中国商业出版社 2004 |
|
| 页数: | 287页 | |
| 开本: | 20cm | |
| 丛书名: | ||
| 单 册: | ||
| 中图分类: | TU984.13 | |
| 科图分类: | ||
| 主题词: | 商业区--布局--研究 , 商业区 , 布局 | |
| 电子资源: | ||
| ISBN: | 7-5044-5059-6 | |
| 000 | 01143nam0 2200337 450 | |
| 000 | 01108nam0 2200325 450 | |
| 000 | 01071nam0 2200313 450 | |
| 000 | 00983nam0 2200301 450 | |
| 000 | 00946nam0 2200289 450 | |
| 000 | 00879nam0 2200265 450 | |
| 001 | 0104000022 | |
| 005 | 20061013085325.02 | |
| 010 | @a7-5044-5059-6@dCNY28.00 | |
| 100 | @a20051012d2004 em y0chiy0110 ea | |
| 101 | 0 | @achi |
| 102 | @aCN@b110000 | |
| 105 | @aa z 000yy | |
| 200 | 1 | @a商业布局与商店设计@Ashang ye bu ju yu shang dian she ji@f万典武等著@Fwan dian wu deng zhu |
| 210 | @a北京@c中国商业出版社@d2004 | |
| 215 | @a287页@c彩图(14页)@d20cm | |
| 330 | @a本书注重实用性,以商业布局和店址选择的“区位理论”为理论基础,对商业中心布局、商业街布局,及各种行业店址选择、店堂设计和商品陈列等进行指导。 | |
| 606 | 0 | @a商业区@x布局@x研究 |
| 606 | 0 | @a商业区 |
| 606 | 0 | @a布局 |
| 690 | @aTU984.13@v4 | |
| 701 | 0 | @a万典武@9wan dian wu@4著 |
| 701 | 0 | @a万典武@Awan dian wu@4著 |
| 801 | 0 | @aCN@b北京荣雅伟业图书经销中心@c20061013 |
| 905 | @aBZT@dTU984.13@e1 | |
| 906 | @dCNY28.00@n0@r1 | |
| 商业布局与商店设计/万典武等著.-北京:中国商业出版社,2004 |
| 287页:彩图(14页);20cm |
| ISBN 7-5044-5059-6:CNY28.00 |
| 本书注重实用性,以商业布局和店址选择的“区位理论”为理论基础,对商业中心布局、商业街布局,及各种行业店址选择、店堂设计和商品陈列等进行指导。 |
| ● |
| 相关链接 |
|
|
|
正题名:商业布局与商店设计
索取号:TU984.13/1
 
预约/预借
| 序号 | 登录号 | 条形码 | 馆藏地/架位号 | 状态 | 备注 |
| 1 | 500056 | 230017191 | 中心书库中库/ 中库022架A面6列6层36/ [索取号:TU984.13/1] | 在馆 | |
| 2 | 500057 | 230017194 | 中心书库中库/ 中库022架A面6列6层38/ [索取号:TU984.13/1] | 在馆 | |
| 3 | 500058 | 230017193 | 中心书库中库/ 中库022架A面6列6层35/ [索取号:TU984.13/1] | 在馆 | |
| 4 | 500059 | 230017196 | 中心书库中库/ 中库022架A面6列6层37/ [索取号:TU984.13/1] | 在馆 | |
| 5 | 500060 | 230017195 | 中心书库中库/ 中库022架A面6列6层34/ [索取号:TU984.13/1] | 在馆 |